Fr. Conceicao Rodrigues College of Engineering

Servicing colour Televisions (Record no. 34700)

MARC details
000 -LEADER
fixed length control field 00355nam a2200145Ia 4500
082 ## - DEWEY DECIMAL CLASSIFICATION NUMBER
Classification number 621.388874
100 ## - MAIN ENTRY--PERSONAL NAME
Personal name Board of Electronics Hobbyist
245 ## - TITLE STATEMENT
Title Servicing colour Televisions
260 ## - PUBLICATION, DISTRIBUTION, ETC.
Name of publisher, distributor, etc. Business promotion
Place of publication, distribution, etc. Delhi
300 ## - PHYSICAL DESCRIPTION
Extent 22
546 ## - LANGUAGE NOTE
Language note ENGLISH
650 ## - SUBJECT ADDED ENTRY--TOPICAL TERM
Topical term or geographic name entry element Electrical Engineering
654 ## - SUBJECT ADDED ENTRY--FACETED TOPICAL TERMS
Focus term Servicing Televisions
942 ## - ADDED ENTRY ELEMENTS (KOHA)
Koha item type BOOK
Holdings
Withdrawn status Lost status Damaged status Not for loan Collection Home library Current library Shelving location Date acquired Source of acquisition Cost, normal purchase price Inventory number Total Checkouts Full call number Barcode Date last seen Cost, replacement price Price effective from Koha item type
        AFT Fr. Agnel's C.Rodrigues College of Engineering Fr. Agnel's C.Rodrigues College of Engineering   17/03/2023 UBS 60.00 T-1160   621.388874 AFT3559 17/03/2023 60.00 17/03/2023 BOOK